000 00278nam a2200085Ia 4500
245 0 _aThe adventure of Themba and Bizza : the enchanted country
100 _a DELANNOIE, J. [Southdale, South Africa], 2008
_986339
942 _cBK
008 210825s9999 xx 000 0 und d
999 _c568921
_d568920